| 000 | 02310nam a22003135i 4500 | ||
|---|---|---|---|
| 999 |
_c27093 _d27065 |
||
| 003 | EG-ScBUE | ||
| 005 | 20201020100147.0 | ||
| 008 | 190206s2013 ua f be 000 0 ara d | ||
| 040 |
_aEG-ScBUE _bara _erda _cEG-ScBUE _dEG-ScBUE |
||
| 043 | _af-ua--- | ||
| 082 | 0 | 4 |
_a345.62 _bس ك ي _222 |
| 100 | 1 | _aسكيكر، محمد علي. | |
| 245 | 1 | 2 |
_aالموسوعة الجنائية الشاملة الميسرة : _bعقوبات، تشريعات جنائية خاصة، إجراءات جنائية، قيود و أوصاف / _cمحمد علي سكيكر، رئيس محكمة الاستئناف. |
| 300 |
_a3 مجلدات ؛ _c24 سم |
||
| 336 |
_aنص _btxt _2rdacontent |
||
| 337 |
_aبدون وسيط _bn _2rdamedia |
||
| 338 |
_aمجلد _bnc _2rdacarrier |
||
| 504 | _aيشتمل على إرجاعات ببليوجرافية. | ||
| 505 | 0 | _aمجلد 1. أ، ب، ت -- مجلد 2. الحروف من ج حتى ط -- مجلد 3. الحروف من ع حتى ي. | |
| 520 | _aشرح كافة الجرائم الواردة في قانون العقوبات و التشريعات الجنائية الخاصة مع بيان القيود و الأوصاف الخاصة بكل جريمة معلقا عليها بأحدث إصدار من احكام محكمة النقض و المحكمة الدستورية العليا - شرح كافة موضوعات قانون العقوبات : القسم العام معلقا عليها بأحكام محكمة النقض - شرح كافة موضوعات قانون الإجراءات الجنائية معلقا عليها بأحدث أحكام محكمة النقض والمحكمة الدستورية العليا - ما ورد في التعليمات العامة للنيابات و ما صدر من كتب دورية من المستشار النائب العام - نماذج إجراءات الدعوى الجنائية. | ||
| 541 |
_aدكتور أحمد حمد ؛ _cإهداء ؛ |
||
| 610 | 1 | 7 |
_aمصر. _bمحكمة النقض. _2BUEsh _940940 |
| 610 | 1 | 7 |
_aمصر. _bالمحكمة الدستورية العليا. _2BUEsh _941178 |
| 650 | 7 |
_aقانون العقوبات _zمصر. _2BUEsh _941137 |
|
| 650 | 7 |
_aقانون الإجراءات الجنائية _zمصر. _2BUEsh _941140 |
|
| 651 | _2BUEsh | ||
| 653 |
_bLLAAWW _cFebruary2019 |
||
| 942 | _2ddc | ||